| 000 | 00861nam a2200265 i 4500 | ||
|---|---|---|---|
| 001 | 6462 | ||
| 003 | ES-MaACL | ||
| 005 | 20230906144939.0 | ||
| 007 | t| | ||
| 008 | 891123s1986 xxu ||||1| eng d | ||
| 020 | _a0-8122-8001-6 | ||
| 080 | _a271(46)"12/13" | ||
| 100 | 1 |
_aBrodman, James William. _931857 |
|
| 245 | 1 | 0 |
_aRansoming captives in Crusader Spain _b: The Order of Merced on the Christian-Islamic Frontier / _cJames William Brodman. |
| 260 |
_aPhiladelphia : _bUniversity of Pensylvania Press, _c1986. |
||
| 300 |
_aXI, 196 p. ; _c24 cm. |
||
| 490 | 1 | _aThe Middle Ages | |
| 500 | _aIndices. | ||
| 504 | _aBibliogr.: p. 181-188. | ||
| 650 | 2 |
_aMercedarios. _9195185 |
|
| 651 | 4 |
_aEspaƱa- _xHistoria eclesiƔstica. _98368 |
|
| 830 | 0 |
_aThe Middle Ages _9227814 |
|
| 852 |
_aES-MaACL _jL-13627 _bR.112393 _z. - cart. |
||
| 999 |
_c6462 _d6462 |
||